000 00325nam a2200145 i 4500
001 bg
100 1 _aPOPKO, Maciej
245 0 _aTurcja /
_cMaciej Popko.
260 _aWarszawa :
_bWiedza Powszechna,
_c1984.
040 _cBPK
041 _apol
080 _a91
942 _cKS
008 s pl f |000 0 pol
999 _c22403
_d22403
856 _uhttp://koha.tu.koszalin.pl/cgi-bin/koha/opac-detail.pl?biblionumber=22403
_yKatalog online BPK